Представление документа в формате RUSMARC

ПолеНазваниеЗначение
  Тип записи a
  Библиографический уровень m
001 Контрольный номер RU/IS/BASE/340799111
005 Дата корректировки 20201206204742.6
010 Индекс ISBN __
d Цена 500-00
101 Язык документа __
a Язык текста rus
200 Заглавие и сведения об ответственности 1_
a Заглавие Цена человеку
e Сведения, относящиеся к заглавию роман
f Первые сведения об ответственности Дмитрий Гусаров
b Общее обозначение материала Текст
210 Выходные данные __
a Место издания Петрозаводск
c Издательство Карелия
d Дата издания 1970
215 Физическое описание __
a Объем 382, [2] с., [1] л. портр.
300 Общие примечания __
a Общие примечания Дар С. А. Лагерева (1 экз.)
a Общие примечания Кн. с экслибрисом С. А. Лагерева из лич. б-ки (1 экз.)
a Общие примечания Ред. кн.
a Общие примечания Кн. с автогр. и дарств. надписью авт. (1 экз.)
606 Тематические рубрики __
a Основная рубрика Художественная литература
606 Тематические рубрики __
a Основная рубрика Русская литература XX в. (произведения)
610 Ключевые слова __
a Ключевые слова романы; тема войны; тема человека; тема жизни; тема любви; тема взаимоотношений; тема добра
686 Индексы других классификаций __
a Классификационный индекс 84(2Рос=Рус)6-4
700 Автор _1
a Фамилия Гусаров
b Имя Д. Я.
g Полное личное имя Дмитрий Яковлевич
4 Код отношения 070
702 Вторичная интеллектуальная ответственность _1
a Фамилия Лагерев
b Имя С. А.
4 Код отношения Даритель
702 Вторичная интеллектуальная ответственность _1
a Фамилия Гусаров
b Имя Д. Я.
4 Код отношения Автор дарственной надписи
801 Источник записи _0
a Страна RU
b Организация Муниципальное бюджетное учреждение культуры "Централизованная библиотечная система" г. Сургут (Центральная городская библиотека им. А. С. Пушкина)
g Правила каталогизации КиК/Поспелова
801 Источник записи _1
a Страна RU
b Организация Муниципальное бюджетное учреждение культуры "Централизованная библиотечная система" г. Сургут (Центральная городская библиотека им. А. С. Пушкина)
g Правила каталогизации КиК/Поспелова
852 Данные о местонахождении __
j Шифр хранения 84(2Рос=Рус)6-4
c Каталожный индекс 84(2Рос=Рус)6-4
i Авторский знак Г 96
901 Тип документа __
t Тип документа m
903 Характеристики (МАРС) __
a Дата передачи 20101019
990 Данные о заказе (DOS) __
j Количество экземпляров (DOS) 1
t N записи в КСУ для И/У (DOS) 201010